000 00583nam a22002057a 4500
005 20230808092625.0
008 230808b |||||||| |||| 00| 0 eng d
020 _a9781529135671
040 _aKMU
_cKMU
_dKMU
_erda
050 _aPS3616.A7846
100 _aDolly Parton and James Patterson
245 _aRun Rose Run /
_cDolly Parton, James Patterson
260 _aUK :
_bCentury,
_cc2022.
300 _a439 p. :
_c24 cm.
650 _aTennessee--Nashville.
650 _aWomen singers.
650 _aWomen country musicians.
650 _aCountry musicians.
942 _2lcc
_cFM
_n0
999 _c549
_d549